| 000 | 03750namaa22004211i 4500 | ||
|---|---|---|---|
| 003 | OSt | ||
| 005 | 20260422115458.0 | ||
| 008 | 250827s2024 ua a|||frm||| 000 0 eng d | ||
| 040 |
_aEG-GICUC _bara _cEG-GICUC _dEG-GICUC _erda |
||
| 041 | 0 |
_aara _bara _beng |
|
| 049 | _aإيداع | ||
| 082 | 0 | 4 | _a415.1 |
| 092 |
_a415.1 _221 |
||
| 097 | _aدكتوراه | ||
| 099 | _aCai01.02.06.Ph.D.2024.طا.أ | ||
| 100 | 0 |
_a،طارق أحمد محمود أحمد _eإعداد. |
|
| 245 | 1 | 0 |
_aالأنماط النحوية في كتابات طلاب المرحلة الثانوية في مصر : _bدراسة وصفية تحليلية / _cإعداد طارق أحمد محمود أحمد؛ إشراف د. سعد سيد أحمد عبد الرحيم، د/ عمرو أحمد عطيفي. |
| 246 | 1 | 5 |
_aSentence patterns in writings of secondary school students in egypt : _bA descriptive analytical study / |
| 264 | 0 | _c2024. | |
| 300 |
_a282 صفحة : _bإيضاحيات ؛ _c25 سم. + _eCD. |
||
| 336 |
_atext _2rda content |
||
| 337 |
_aUnmediated _2rdamedia |
||
| 338 |
_avolume _2rdacarrier |
||
| 502 | _aأطروحة (دكتوراه)-جامعة القاهرة، 2024. | ||
| 504 | _aببليوجرافيا: صفحات 252-258. | ||
| 520 | _aتهدف هذه الدراسة إلى الوصول إلى الأنماط النحوية الشائعة في كتابات طلاب المرحلة الثانوية في مصر، وقد اعتمد البحث للوصول إلى هدفه على مجموعة من العينات الكتابية لطلاب المرحلة الثانوية في مصر؛ حكومية وخاصة وتجريبية ودولية، من خلال وصف وتحليل تلك العينات، وتحديد الأنماط الشائعة، وتفسير السبب في شيوع نمط عن غيره من الأنماط النحوية الأخرى، واعتمد هذا البحث على المنهج الوصفي من مناهج البحث اللغوي، واتخذ البحثُ التحليلَ والإحصاءَ أدواتٍ للوصول إلى تحديد الأنماط الشائعة، ومن ثَمَّ الوصول إلى ما اتفق أو اختلف، من كتابات الطلاب مع ما ذهب إليه النحاة. | ||
| 520 | _aThis study aims to identify the common grammatical patterns in the writings of high school students in Egypt. The research relies on a set of written samples from high school students across various types of schools—governmental, private, experimental, and international. By describing and analyzing these samples, the study seeks to determine the prevalent patterns and explain the reasons behind the predominance of certain patterns over others. This research employs a descriptive methodology from linguistic research and utilizes analysis and statistics as tools to identify the common patterns, subsequently comparing them with traditional grammatical observations. | ||
| 530 | _aصدر أيضًا كقرص مدمج. | ||
| 546 | _aالنص بالعربية والملخص باللغة الإنجليزية والعربية. | ||
| 650 | 7 |
_aاللغة العربية _2qrmak _xالنحو |
|
| 653 | 0 |
_aالأنماط النحوية _aكتابات طلاب المرحلة الثانوية _aالمنهج الوصفي |
|
| 700 | 0 |
_aسعد سيد أحمد عبد الرحيم _eمشرف أطروحة. |
|
| 700 | 0 |
_aعمرو أحمد عطيفي _eمشرف أطروحة. |
|
| 900 |
_b08-02-2024 _cسعد سيد أحمد عبد الرحيم _cعمرو أحمد عطيفي _Uجامعة القاهرة _Fكلية الآداب _Dقسم اللغة العربية وآدابها |
||
| 905 |
_aSara _eAfaf |
||
| 942 |
_2ddc _cTH _e21 _n0 |
||
| 999 | _c179141 | ||